书目信息 |
| 题名: |
和谐的秩序
|
|
| 作者: | 马小兵 选编 | |
| 分册: | ||
| 出版信息: | 成都 四川人民出版社 1997.07 |
|
| 页数: | 311页 | |
| 开本: | 32开 | |
| 丛书名: | ||
| 单 册: | ||
| 中图分类: | B1 | |
| 科图分类: | ||
| 主题词: | 哲学--世界 | |
| 电子资源: | ||
| ISBN: | 7-220-03694-9 | |
| 000 | 00531nam0 2200193 45 | |
| 001 | 0011111715 | |
| 005 | 20001111174225.9 | |
| 010 | @a7-220-03694-9@d12.00元 | |
| 100 | @a20001111d1997 km y0chiy0120 ea | |
| 101 | 0 | @achi |
| 105 | @a z 000yy | |
| 200 | 1 | @a和谐的秩序@AHe Xie De Zhi Xu@f马小兵选编@FMa Xiao Bing Xuan Bian |
| 210 | @a成都@c四川人民出版社@d1997.07 | |
| 215 | @a311页@d32开 | |
| 606 | 0 | @a哲学@x世界 |
| 690 | @aB1@v3 | |
| 701 | 0 | @a马小兵@4选编 |
| 801 | @aCN@bPftUser@c20001111 | |
| 905 | @b401506-507@dB1@eM070@f2 | |
| 和谐的秩序/马小兵选编.-成都:四川人民出版社,1997.07 |
| 311页;32开 |
| ISBN 7-220-03694-9:12.00元 |
| ● |
| 相关链接 |
|
|
|
正题名:和谐的秩序
索取号:B1/M070
 
预约/预借
| 序号 | 登录号 | 条形码 | 馆藏地/架位号 | 状态 | 备注 |
| 1 | 401506 | 204015065 | 社科库509/509社科库 8排2列2层/ [索取号:B1/M070] | 在馆 | |
| 2 | 401507 | 204015074 | 社科库509/509社科库 8排2列2层/ [索取号:B1/M070] | 在馆 |